000 00251nam a2200097Ia 4500
001 796313
005 20250826170745.0
008 250824s9999 xx 000 0 und d
245 0 _aYÜREĞİNİ HARAMDAN SAKIN
_cMERVE ÖZCAN
260 _bPORTAKAL YAYINLARI
999 _c796313
_d796313